Marques de téléphones, ordinateurs, télé - Mort Subite - Statistiques

Statistiques générales
  • Ce quiz a été pris 385 fois
  • Le résultat moyen est 7 sur 30
Answers on the Grid
Answers color-coded by a green-red scale on the quiz's grid according to % correct below.
Acer
Asus
Alcatel
Samsung
Apple
Google
Xiaomi
OPPO
Minitel
Panasonic
Nokia
Huawei
Sony
Wiko
Blackberry
LG
Philips
Lenovo
HP
Motorola
TCL
Crosscall
Archos
Toshiba
Grundig
Hitachi
Dell
Honor
Vivo
Realme
Mac
Iphone
Galaxy
A16
Redmi
Ford
Darty
Payphone
TFX
Whirlpool
Kawasaki
Efes
AGV
Shoei
Freegun
JBL
Bose
Novotel
 
Statistiques - réponses
Réponse % Correct
Apple
36%
Xiaomi
36%
LG
35%
Huawei
33%
Sony
33%
Acer
31%
Asus
30%
Blackberry
30%
Lenovo
30%
Nokia
30%
Philips
30%
Samsung
30%
HP
29%
Motorola
28%
Alcatel
26%
Panasonic
26%
Dell
25%
Toshiba
25%
Google
23%
Honor
22%
OPPO
21%
Wiko
21%
TCL
14%
Hitachi
10%
Vivo
10%
Minitel
9%
Archos
8%
Grundig
6%
Realme
5%
Crosscall
4%
Aucun quiz correspondant
Distribution des résultats
% des personnes avec chaque résultat
Percentile par nombre de réponses
Votre historique - résultats
Vous n’avez pas pris ce quiz